000 01391cam a2200241Mi 4500
020 _a9783709113608 (electronic bk.)
020 _a3709113601 (electronic bk.)
040 _cMHW
082 0 4 _a618 STA 2007 C166 Or.
245 0 0 _aPediatric epilepsy surgery /
300 _a1 online resource (214 pages).
490 1 _aAdvances and technical standards in neurosurgery ;
520 _aThe contributions in this volume cover recent advances and changing concepts on diagnosis and treatment of resistant epilepsy in children. Topics treated are new insights on mechanisms of epileptogenesis in developing brain, multimodality imaging in pediatric intractable epilepsy, pediatric intractable epilepsy syndromes, pediatric temporal lobe epilepsy surgery, critical review of palliative surgical techniques for intractable epilepsy, treatment modalities for intractable epilepsy in hypothalamic hemartomas, contemporary management of epilepsy in tuberous sclerosis
650 0 _aEpilepsy in children.
650 0 _aEpilepsy in children
700 1 _aAkalan, Nejat.
700 1 _aDi Rocco, C.
710 2 _aOhio Library and Information Network.
856 4 0 _uhttp://rave.ohiolink.edu/ebooks/ebc/9783709113608
856 4 0 _uhttp://dx.doi.org/10.1007/978-3-7091-1360-8
856 4 0 _uhttp://proxy.ohiolink.edu:9099/login?url=http://dx.doi.org/10.1007/978-3-7091-1360-8
942 _cAEDBB
999 _c19347
_d19347